[Event "Levitov Chess Week Blitz 2019"]
[Site "Amsterdam"]
[Date "2019.08.03"]
[Round "7.3"]
[White "Bareev, Evgeny"]
[Black "Anand, Viswanathan"]
[Result "1/2-1/2"]
[WhiteElo "2678"]
[BlackElo "2730"]
[Annotator "TA"]
[PlyCount "103"]
[EventDate "2019.08.04"]
[EventType "tourn"]
[EventCountry "NED"]
[SourceTitle "playchess.com"]
[Source "ChessBase"]
[SourceQuality "1"]

{[%evp 9,103,4,5,4,9,-1,3,14,9,8,9,8,31,12,55,52,74,73,81,42,25,13,19,6,38,39,38,12,14,8,14,5,6,12,8,8,19,-9,-9,-7,0,0,0,0,0,0,35,0,0,-73,-88,-77,0,-163,-127,-155,-145,-145,-34,-119,0,-59,-59,-93,-59,-59,-59,-74,0,0,0,-61,-61,-102,0,-21,0,0,0,0,0,0,8,0,0,0,0,0,0,0,0,0,0,0,0,0]} 1. d4 Nf6 2. Nf3 d5 3. Bf4 e6 4. e3 Bd6 5. Nbd2 O-O 6. Bd3 {D02: 1 d4 d5 2 Nf3 sidelines, including 2...Nf6 3 g3 and 2...Nf6 3 Bf4} b6 (6... c5 7. dxc5 Bxc5 8. c4 dxc4 9. Nxc4 Bb4+ 10. Ke2 Be7 11. Rc1 Nc6 12. Qb3 Nh5 13. Bg3 h6 {1-0 (53) Inarkiev,E (2693)-Riazantsev,A (2649) Moscow 2018}) 7. Ne5 Ba6 8. Bxa6 Nxa6 9. Qe2 $146 ({Predecessor:} 9. Bg5 Nb8 10. c4 h6 11. Bh4 c5 12. O-O cxd4 13. exd4 {½-½ (81) Lie,K (2539)-Skrondal,I (2270) Norway 2019}) 9... Nb8 10. c3 Nbd7 11. O-O Bxe5 12. dxe5 Ne4 13. Nxe4 dxe4 14. Qc4 Nc5 $1 15. Rfd1 Qc8 16. b4 Qa6 (16... Na4 $5 {[%cal Ra4b2]}) 17. Qxa6 Nxa6 18. Rd4 c5 19. Rxe4 Rfd8 20. Bg5 Rd3 21. bxc5 Nxc5 22. Rc4 Nd7 23. Rc7 Nxe5 24. Bf4 Ng6 25. Bg3 e5 26. h4 h5 27. a4 a5 28. Rc6 f6 29. Kf1 (29. Rxb6 $11 {remains equal.} Rxc3 30. Rb7) 29... Ne7 $1 $17 {[%cal Re7c6]} 30. Rxb6 Rxc3 (30... Nf5 $17 31. Rc1 Nxg3+ 32. fxg3 Rxe3) 31. Rb5 $2 (31. e4 $1 $11 {and White has nothing to worry.}) 31... Nf5 $19 32. Ke2 Nxg3+ 33. fxg3 $17 {[%mdl 4096] Endgame [#] KRR-KRR} Rd8 (33... Rc2+ $1 $17 34. Kf3 Kh7) 34. Kf3 {[#]} ({White should play} 34. Rxa5 $15 Rdd3 35. Rc5 Rxe3+ 36. Kf2) 34... Ra8 (34... Rd2 $1 $17 {...Rc4 is the strong threat.} 35. g4 hxg4+ 36. Kxg4 Rxe3) 35. Ra2 (35. Ke2 $1 $11) 35... Kh7 $15 36. Ke4 Rc4+ 37. Kf3 Kg6 38. Rb7 Rd8 (38... Ra6 $17) 39. Rb5 $11 Ra8 (39... Rd3 $11) 40. Rb7 $1 $15 Ra6 41. Kf2 e4 (41... Rac6 $17 {White must now prevent ...Rc2+.} 42. Rb5 Ra6) 42. Rb5 {The position is equal.} Rc1 43. g4 hxg4 44. Kg3 Rc3 45. Kf4 g3 46. h5+ Kh6 47. Rd2 Ra8 48. Rdd5 Rc2 49. Kxg3 Re2 50. Rxa5 Rxa5 51. Rxa5 Rxe3+ 52. Kf4 {Accuracy: White = 47%, Black = 44%.} 1/2-1/2

[Event "Levitov Chess Week Blitz 2019"]
[Site "Amsterdam"]
[Date "2019.08.03"]
[Round "7.4"]
[White "Svidler, Peter"]
[Black "Gelfand, Boris"]
[Result "1-0"]
[WhiteElo "2805"]
[BlackElo "2700"]
[Annotator "TA"]
[PlyCount "137"]
[EventDate "2019.08.04"]
[EventType "tourn"]
[EventCountry "NED"]
[SourceTitle "playchess.com"]
[Source "ChessBase"]
[SourceQuality "1"]

{[%evp 9,137,3,8,0,0,-1,0,2,15,-2,38,25,41,60,86,86,72,68,161,50,49,-17,-15,-34,-34,-22,0,-89,139,144,124,141,146,151,156,169,183,135,253,242,227,209,216,157,192,196,836,134,126,121,144,106,142,93,185,181,212,218,225,191,204,182,339,140,171,-17,-18,-18,-18,-18,-18,-16,0,-689,0,0,0,0,19,0,19,19,15,8,8,0,8,8,8,8,10,9,24,89,84,82,83,103,102,59,113,64,65,62,72,8,451,129,126,125,154,162,206,214,757,754,849,727,685,574,11331,4593,29983,3036,4527,4020,29979,29980,29974,29975]} 1. c4 c5 2. g3 g6 3. Bg2 Bg7 4. Nc3 Nc6 5. d3 d6 6. Qd2 {A36: Symmetrical English vs ...g6: 4 Bg2 Bg7} (6. e3 Nf6 7. Nge2 Bd7 8. b3 Qc8 9. h3 O-O 10. Bb2 a6 11. Qd2 Rb8 12. Rd1 b5 13. Nf4 Re8 14. Ncd5 e5 15. Nxf6+ Bxf6 16. Nd5 Bg7 17. Ba1 Ne7 18. Nxe7+ Rxe7 19. h4 h5 20. O-O {½-½ (20) Rakhmanov,A (2653)-Mamedov,R (2709) Riadh 2017}) 6... e6 7. b3 Nge7 8. Bb2 {The position is equal.} O-O 9. h4 d5 $146 ({Predecessor:} 9... Qa5 10. h5 d5 11. Rc1 d4 12. Ne4 Qxd2+ 13. Nxd2 Bd7 {1-0 (23) Faizutdinova,D (1886)-Mokshin,M (2006) Voronezh 2014}) 10. h5 b6 11. hxg6 hxg6 12. Nf3 d4 13. Ne4 e5 (13... Qc7 $1 $14) 14. O-O-O (14. Nf6+ $1 $18 Bxf6 15. Qh6 $1 {[%mdl 512]}) 14... f6 15. g4 ({Better is} 15. Kb1 $14) 15... Bxg4 $11 16. Rdg1 Qd7 17. Kb1 Kf7 18. Rh4 (18. Rh7 $11 Kg8 19. Rgh1) 18... Rh8 $2 {[#]} (18... Bf5 $17) 19. Nfg5+ $1 $16 {[%mdl 512]} fxg5 20. Nxg5+ Kf8 21. Bxc6 $1 Qxc6 22. Rhxg4 Ke8 23. Ne4 Kd7 (23... a5 $16 24. Qe1 Kd7) 24. b4 $1 $18 Bh6 25. Qe1 Rab8 26. Ka1 Qa4 27. bxc5 b5 $2 {[#]} (27... Kc7 28. f4 Rbf8 29. fxe5 Be3 30. cxb6+ axb6) 28. Qd1 $2 (28. c6+ $1 $18 {[%mdl 512]} Ke8 (28... Kxc6 29. Rxg6+) 29. Nc5) 28... Qxd1+ $16 29. Rxd1 bxc4 30. dxc4 Bg7 31. Bc1 Rb4 (31... Rh3 $16 {was necessary.}) 32. Bg5 $18 Nc6 33. Bd2 Rxc4 34. Rxg6 Bf8 35. Rb1 {Rb7+ is the strong threat.} Kc7 $2 (35... Rc2 36. Rb7+ Kc8) 36. Rb5 (36. Nd6 $18 {and the rest is easy.} Ne7 37. Rf6 (37. Nxc4 Nxg6 38. Rg1 Nf4 $14) 37... Rxc5 38. Rb7+ Kc6 39. Ne4+ {[%mdl 64] Discovered Attack} (39. Rxa7 Nd5 $11) 39... Kxb7 40. Nxc5+ Kc8 41. Ne6) 36... a6 37. Ba5+ $2 ({Only move:} 37. Rb6 $18 Rxc5 38. Rxa6 (38. Nxc5 Kxb6 39. Ne4 Rh4 $11)) 37... Nxa5 $11 38. Rxa5 {Hoping for Kb2.} Rc2 $36 {[%mdl 2048] Black has some pressure.} 39. Ng3 Bxc5 {Strongly threatening ...Rb8.} 40. Raxa6 Kb7 {And now ...d3! would win.} 41. Rae6 $2 {[%mdl 8192] [#]} (41. Kb1 $11 d3 42. exd3 Rxf2 43. Rac6) 41... Ba3 $2 (41... d3 $1 $19 {[%cal Rd3d2][%mdl 512] ( -> ...d2)} 42. exd3 Bd4+ 43. Kb1 Rhc8 44. Rb6+ Bxb6) 42. Rb6+ Kc7 43. Rb3 Rc1+ 44. Rb1 Rb8 {[%csl Gb8][%cal Rc1b1]} 45. Rxc1+ Bxc1 {[%mdl 4096] Endgame KRB-KRN} 46. a4 Rb4 47. Ra6 Bd2 48. Ka2 Bc3 49. Ka3 Rb1 50. Re6 Ra1+ (50... d3 $11 {remains equal.} 51. exd3 Rd1) 51. Kb3 $16 Rb1+ 52. Kc2 Ra1 53. Rxe5 Rxa4 54. Kd3 Ra2 (54... Ra3 $14) 55. Rd5 Rd2+ 56. Ke4 Kc6 57. f4 ({White should play} 57. Rf5 $16) 57... Rd1 $2 {[%mdl 8192]} (57... Ra2 $11) 58. Rd8 $2 (58. Nf5 $18) 58... Kc7 59. Rg8 d3 60. exd3 Re1+ 61. Kd5 Bd2 $2 (61... Rd1 62. Kc4 Bb2) 62. f5 $18 Rd1 63. Ne4 Be3 64. Rg7+ Kd8 65. f6 Rxd3+ 66. Ke6 (66. Kc6 $142 Ke8 67. Nd6+ Kf8 68. Rh7 Kg8 69. f7+ Kxh7 70. f8=Q Ra3 71. Nf5 Ra6+ {[#]} 72. Kb5 $1 {[%mdl 512]}) 66... Bh6 67. Rh7 Re3 68. Rh8+ Kc7 69. Rxh6 {Accuracy: White = 42%, Black = 30%.} 1-0